[Event "S. A. Group BAN-chT 2018"]
[Site "Dhaka"]
[Date "2018.12.12"]
[Round "7"]
[White "Uten"]
[Black "Aronyak Ghosh"]
[Result "0-1"]
[WhiteElo "2114"]
[BlackElo "2343"]
[Annotator "TA"]
[PlyCount "103"]
[EventDate "2018.12.07"]
[EventType "team-tourn"]
[EventCountry "BAN"]
[SourceTitle "playchess.com"]
[Source "ChessBase"]
[SourceQuality "1"]

{[%evp 16,103,0,0,5,0,0,0,0,-12,-17,0,-10,-8,0,-23,-12,-9,0,-52,-52,-50,-20,-63,-74,-150,-143,-158,-158,-149,-159,-167,-162,-175,-143,-197,-170,-213,-214,-207,-182,-291,-289,-292,-290,-286,-277,-365,-359,-400,-411,-460,-432,-433,-425,-472,-458,-446,-456,-740,-702,-691,-662,-749,-751,-824,-791,-769,-718,-1008,-994,-989,-989,-987,-980,-872,-893,-887,-871,-1187,-1155,-1644,-1637,-1474,-1474,-1398,-1339,-1637,-1622,-5189]} 1. e4 c5 2. Nf3 d6 3. d4 cxd4 4. Nxd4 Nf6 5. Nc3 Nc6 6. Be3 e5 7. Nf3 Be7 8. h3 h6 {B56: Classical Sicilian: Unusual Lines} (8... O-O 9. Be2 Be6 10. Ng5 Bd7 11. O-O h6 12. Nf3 Be6 13. Re1 d5 14. exd5 Nxd5 15. Nxd5 Qxd5 16. Nd2 Rad8 17. c3 f5 18. Nb3 Qe4 19. Qc1 Qh4 20. f4 Bd5 {0-1 (46) Rodriguez Vila,A (2468)-Diamant,A (2492) Barreirinhas 2015}) 9. Bc4 {LiveBook: 8 Games} O-O 10. a3 Be6 {The position is equal.} 11. Qd3 $146 ({Predecessor:} 11. Bd3 Rc8 12. Qe2 d5 13. exd5 Nxd5 14. Nxd5 Qxd5 {0-1 (41) Csomos,B (1733)-Kalmar,L (1793) Hungary 2007}) 11... Rc8 12. Nd5 Na5 {[%cal Bc6a5,Ba5c4,Bc4b6,Bb6a4][%mdl 32]} 13. Nxf6+ Bxf6 14. Bxe6 fxe6 15. Rd1 Nc4 $36 {[%mdl 2048] Black is pushing.} 16. Bc1 Qa5+ 17. b4 (17. c3 $11) 17... Qc7 18. O-O Be7 19. Nd2 Nb6 20. Nb3 ({White should play} 20. Qb3) 20... Qxc2 $17 21. Na5 Qxd3 22. Rxd3 Rc7 23. Be3 Na4 24. b5 Rfc8 25. f3 (25. Bxa7 $17 Rd7 26. Re1) 25... Nb6 26. Rfd1 d5 27. exd5 exd5 28. Bxb6 (28. Bf2 $142) 28... axb6 $19 29. Nb3 Rc3 ({Less strong is} 29... Bxa3 30. Rxd5 Rc2 31. Nd2 $17) 30. a4 d4 31. Kf1 Bg5 32. a5 Rc2 33. axb6 Be3 {Black is clearly winning.} 34. Nd2 Rb2 35. g3 Rcc2 36. Ke2 Rxb5 37. Ra1 (37. Rxe3 $142 dxe3 38. Kxe3) 37... Rbb2 38. Rd1 Rxb6 39. Ra3 Rbb2 40. Rxe3 dxe3 41. Kxe3 {[%mdl 4096] Endgame KRR-KRN} Rc3+ 42. Ke4 Rb4+ 43. Kxe5 Rd3 44. h4 Rbd4 45. Rb1 Rxd2 46. Rxb7 Rd7 47. Rb5 Rf7 48. Rb3 Re2+ 49. Kd6 Rf6+ 50. Kd5 h5 51. g4 Rf2 52. Kd4 {Accuracy: White = 24%, Black = 88%.} 0-1

[Event "S. A. Group BAN-chT 2018"]
[Site "Dhaka"]
[Date "2018.12.12"]
[Round "7"]
[White "Hossain, Alamgir"]
[Black "Islam, Kh. Aminul"]
[Result "0-1"]
[WhiteElo "2052"]
[BlackElo "2253"]
[Annotator "TA"]
[PlyCount "106"]
[EventDate "2018.12.07"]
[EventType "team-tourn"]
[EventCountry "BAN"]
[SourceTitle "playchess.com"]
[Source "ChessBase"]
[SourceQuality "1"]

{[%evp 15,106,12,20,-50,-47,-70,-24,-31,-26,-54,-13,-24,58,-35,0,0,0,3,10,2,27,29,35,22,10,0,25,28,23,0,0,-45,39,20,36,20,54,29,77,76,79,68,50,50,80,-40,-51,-96,0,-191,-89,-89,-89,-81,-64,-68,-68,-65,-67,-178,-178,-176,-140,-260,-259,-409,-385,-365,-300,-480,-472,-2526,-592,-592,-583,-500,-319,-29973,-29975,-29974,-29976,-29976,-29977,-29978,-29979,-29981,-29982,-29982,-29983,-29983,-29984,-29983,-29984]} 1. e4 e5 2. Nf3 Nc6 3. Bc4 Bc5 4. O-O Nf6 5. Nc3 h6 6. d3 d6 7. Na4 Bb6 {C50: Hungarian Defence and Giuoco Pianissimo} 8. Nxb6 axb6 {LiveBook: 5 Games} 9. d4 (9. a4 $11) (9. a4 O-O 10. c3 Be6 11. Bxe6 fxe6 12. g3 Qe8 13. Kg2 b5 14. Bd2 bxa4 15. Rxa4 Rxa4 16. Qxa4 {1-0 (92) Ragger,M (2657)-Sammalvuo,T (2416) Katowice 2017}) 9... Bg4 $15 {Black is slightly better.} 10. Bb5 {Threatens to win with d5.} Nd7 $146 {Strongly threatening ...Nxd4.} ({Worse is} 10... Nxe4 11. d5 $16) ({Predecessor:} 10... O-O 11. Bxc6 bxc6 12. Qd3 Qe7 13. d5 c5 14. c4 Bh5 15. Nd2 {0-1 (35) Kuehner,J-Netz,H (1257) Dortmund 2001}) 11. c3 Qf6 12. Re1 Ra5 {next ...Bxf3 is good for Black.} 13. a4 O-O ({Better is} 13... exd4 $11 14. Bxc6 bxc6 15. Qxd4 Bxf3 16. Qxf6 gxf6 17. gxf3 b5) 14. Qd3 (14. d5 $14 Ne7 15. Be2) 14... Bxf3 15. Qxf3 exd4 {And now ...Qxf3 would win.} 16. Qh3 {Black must now prevent Bxc6.} Nde5 17. Bd2 Raa8 18. f4 Ng6 19. Rf1 Nge7 20. g4 dxc3 21. Bxc3 Nd4 $1 22. Rad1 c5 $1 23. Rf2 Rac8 (23... Nec6 $15) 24. Bc4 $14 d5 25. exd5 Rcd8 26. Qg2 Ng6 27. g5 hxg5 28. Qxg5 Qxg5+ 29. fxg5 Ne5 30. Bxd4 ({White should try} 30. b3 $16) 30... Nxc4 $15 31. b3 Na5 (31... Rxd5 $17 32. bxc4 Rxg5+ 33. Kf1 Rd8 {[%mdl 64] Pin}) 32. b4 $2 (32. Be5 $11 {and White stays safe.}) 32... cxd4 (32... Rxd5 $19 {and Black stays clearly on top.} 33. bxa5 bxa5) 33. bxa5 $17 Rxd5 {[%mdl 64] [#] Double Attack} 34. axb6 $19 {[%mdl 4096] Endgame KRR-KRR} Ra8 35. h4 Rxa4 36. Rf4 Rb4 37. Rdf1 (37. Rd3 $15) 37... Rxb6 38. Rxf7 d3 {[%cal Bd4d3,Bd3d2][%mdl 32]} 39. R7f4 (39. Re7 $17) 39... Kh7 40. Kg2 (40. Rd1 {was worth a try.}) 40... d2 41. Rd1 Rb3 42. Rf2 (42. Kf2 $142) 42... Rbd3 43. Rf3 (43. Kf1 $142 Kg6 44. Ke2) 43... Kg6 (43... Rxf3 $142 44. Kxf3 Kg6) 44. Rf8 b5 {[%cal Bb7b5,Bb5b4,Bb4b3,Bb3b2][%mdl 32]} 45. Kf2 R5d4 46. Rf3 $2 {[#]} (46. Ke2 $19) 46... Rxf3+ {Black mates.} 47. Kxf3 {KR-KR} Kh5 48. Ke3 Rd6 49. Kf4 b4 50. Ke5 Rd8 51. Kf4 b3 52. Ke3 b2 53. Ke2 g6 {Accuracy: White = 27%, Black = 46%.} 0-1

[Event "S. A. Group BAN-chT 2018"]
[Site "Dhaka"]
[Date "2018.12.12"]
[Round "7"]
[White "Khan, Mokaddesur Rahman"]
[Black "Mohammad Minhaz Uddin"]
[Result "0-1"]
[WhiteElo "1942"]
[BlackElo "2290"]
[Annotator "TA"]
[PlyCount "86"]
[EventDate "2018.12.07"]
[EventType "team-tourn"]
[EventCountry "BAN"]
[SourceTitle "playchess.com"]
[Source "ChessBase"]
[SourceQuality "1"]

{[%evp 19,86,0,1,0,0,0,-2,-23,-17,-24,0,-35,-41,-40,-33,-41,-41,-46,-33,-42,-14,-15,0,-5,-2,-9,17,0,0,-2,5,0,0,-3,0,0,6,-81,-81,-80,-81,-81,-79,-200,-193,-426,-432,-345,-379,-993,-954,-895,-863,-891,-708,-808,-808,-1233,-1209,-29963,-29964,-29966,-29965,-29971,-29969,-29965,-29968,-5022,-5022]} 1. d4 Nf6 2. c4 e6 3. g3 Bb4+ 4. Bd2 Bxd2+ 5. Nxd2 d6 6. Ngf3 Nc6 7. Bg2 O-O 8. O-O a5 9. e4 {E11: Bogo-Indian} e5 10. d5 Ne7 {LiveBook: 3 Games} (10... Nb4 11. Ne1 c6 12. a3 Na6 13. Nd3 cxd5 14. cxd5 Bd7 15. Nc4 Bb5 16. Qb3 Bxc4 17. Qxc4 {½-½ (43) Wang,Y (2698)-Dzagnidze,N (2429) Gibraltar 2008}) 11. c5 {The position is equal.} Nd7 12. cxd6 cxd6 13. a4 Nc5 14. Rc1 $146 ({Predecessor:} 14. Qb1 Bd7 15. b3 b5 16. Rc1 Qb6 17. axb5 Bxb5 {0-1 (34) Madsen,D (2265)-Hagesaether,P (2205) Norway 1997}) 14... f6 15. Qc2 Bd7 16. b3 b5 17. axb5 Bxb5 18. Nc4 Bxc4 19. Qxc4 Qb6 20. Nd2 Rfb8 {[%cal Bf8b8,Bb8b4,Bb4d4][%mdl 32]} 21. Rc3 Nc8 22. Ra1 Qa7 23. Bf1 Rb4 24. Qe2 Qb8 25. Ra3 Nb6 26. Qg4 Rd4 27. Rc2 Nbd7 28. Bc4 (28. h4 $11) 28... Qb4 $36 {[%mdl 2048] White is under strong pressure.} 29. Raa2 a4 30. Qe2 Nb6 31. f3 {[#]} (31. Kg2 $17 {was worth a try.}) 31... Rb8 $1 $19 {[%cal Ra4b3]} ({Worse is} 31... axb3 32. Rxa8+ Nxa8 {[#]} 33. Nxb3 $1 $11 {[%mdl 512]}) ({Weaker is} 31... Nxb3 32. Bxb3 Rb8 33. Bc4 $16) 32. Rab2 $2 (32. Kg2) 32... Nxc4 33. Rxc4 Qa3 34. Nb1 $2 {[#]} (34. Rb1 axb3 35. Rxd4 exd4 36. Nc4) 34... Qxb2 $1 {[%mdl 576] Deflection} 35. Qxb2 Rxc4 {[%mdl 64] Pin} 36. Nd2 Rcb4 37. f4 axb3 {[%cal Ba4b3,Bb3b2][%mdl 32]} 38. fxe5 fxe5 39. Qc3 b2 40. Nb1 Ra4 41. Kg2 Ra1 42. Qc2 {[#]} Rxb1 $1 43. Qxb1 {[#]} Nxe4 $1 {[%mdl 512] Accuracy: White = 27%, Black = 75%.} 0-1

[Event "S. A. Group BAN-chT 2018"]
[Site "Dhaka"]
[Date "2018.12.12"]
[Round "7"]
[White "Zia, Tahsin Tajwar"]
[Black "Sai Agni Jeevitesh, J."]
[Result "1/2-1/2"]
[WhiteElo "1925"]
[BlackElo "2336"]
[Annotator "TA"]
[PlyCount "70"]
[EventDate "2018.12.07"]
[EventType "team-tourn"]
[EventCountry "BAN"]
[SourceTitle "playchess.com"]
[Source "ChessBase"]
[SourceQuality "1"]

{[%evp 19,70,-4,0,0,16,4,35,31,33,20,22,2,9,7,6,10,4,5,29,29,25,26,32,23,29,35,16,0,0,0,0,0,15,10,55,0,83,74,93,88,110,112,100,73,153,76,85,54,42,0,97,0,42]} 1. Nf3 Nf6 2. d4 e6 3. Bf4 d5 4. e3 Bd6 5. Bg3 O-O 6. Nbd2 b6 7. Bd3 c5 {D02: 1 d4 d5 2 Nf3 sidelines, including 2...Nf6 3 g3 and 2...Nf6 3 Bf4} (7... Bb7 8. c3 Ne4 9. Qc2 f5 10. c4 Nd7 11. cxd5 exd5 12. O-O Qe7 13. Bxd6 Nxd6 14. Rac1 c6 15. Qa4 {1-0 (30) Esipenko,A (2609)-Paravyan,D (2629) Sochi 2018}) 8. c3 Ba6 9. Bxa6 Nxa6 10. Qe2 Nb8 {LiveBook: 3 Games} 11. e4 {[#] And now e5 would win.} Be7 12. Rd1 $146 ({Predecessor:} 12. exd5 exd5 13. O-O Nc6 14. Ne5 Rc8 {0-1 (56) Travadon,L (2334)-Blohberger,F (2427) Riga 2018}) 12... Nbd7 13. O-O Re8 14. Rfe1 Qc8 15. h3 dxe4 16. Nxe4 Nxe4 17. Qxe4 Nf6 18. Qe2 c4 19. Ne5 b5 20. Qf3 Bd6 21. Bh4 Bxe5 $1 22. dxe5 Nd5 23. Qg4 Qc5 24. Rd4 Rac8 25. a3 a5 26. Ree4 Rc6 27. Qg3 (27. Bf6 $14 Qf8 28. Qg5) 27... Rec8 (27... Kh8 $11 {keeps the balance.}) 28. Bf6 $1 $16 {[%csl Gf6][%cal Rg3g7]} g6 29. Qg5 Qf8 30. Rh4 {White wants to mate with Rxh7!} Nxf6 31. Qxf6 {Rxh7! would kill now.} h6 {[#]} (31... R6c7 $142) 32. Rd7 (32. Qf4 $142 $1) 32... Qg7 33. Qe7 Qf8 $1 34. Qf6 ({White should play} 34. Rf4 $14 Qxe7 35. Rxe7) 34... Qg7 35. Qe7 (35. Rd8+ $16 Rxd8 36. Qxd8+ {[%mdl 64] Double Attack} Qf8 37. Qxa5) 35... Qf8 $1 {Accuracy: White = 66%, Black = 56%.} 1/2-1/2

[Event "S. A. Group BAN-chT 2018"]
[Site "Dhaka"]
[Date "2018.12.13"]
[Round "8"]
[White "Kovalev, Vladislav"]
[Black "Hossain, Monir"]
[Result "1-0"]
[WhiteElo "2683"]
[BlackElo "2038"]
[Annotator "TA"]
[PlyCount "61"]
[EventDate "2018.12.07"]
[EventType "team-tourn"]
[EventCountry "BAN"]
[SourceTitle "playchess.com"]
[Source "ChessBase"]
[SourceQuality "1"]

{[%evp 9,61,35,51,32,49,40,58,51,70,70,75,44,78,79,115,112,172,171,195,169,168,172,183,185,183,170,178,177,170,170,181,170,169,144,155,155,223,212,252,274,294,306,283,273,339,334,325,310,522,519,533,515,552,376]} 1. e4 c5 2. Be2 (2. Nf3 Nc6 3. Bb5 g6 4. O-O Bg7 5. Re1 e5 6. b4 Nxb4 7. Bb2 a6 8. a3 axb5 9. axb4 Rxa1 10. Bxa1 d6 11. bxc5 Ne7 12. Qe2 b4 13. Qc4 Qa5 14. cxd6 Be6 {½-½ (34) Caruana,F (2832)-Carlsen,M (2835) London 2018}) 2... Nc6 3. d3 Nd4 4. Nf3 $146 ({Predecessor:} 4. Bg4 Nf6 5. Bh3 d5 6. c3 Bxh3 7. Nxh3 Nc6 8. f3 c4 9. Qa4 cxd3 {1-0 (45) Zhadko,V (2255)-Ianocichin,N (2301) Tiraspol 2007}) 4... Nxe2 5. Qxe2 g6 6. Nc3 {B31: Sicilian: 2...Nc6 3 Bb5 g6} Bg7 7. e5 b6 8. d4 {White is slightly better.} cxd4 9. Nxd4 Bb7 10. O-O Rc8 11. Bf4 h5 12. Rad1 Rxc3 (12... Kf8 $16) 13. bxc3 $18 Qc8 14. Qe3 Nh6 15. f3 Nf5 16. Nxf5 gxf5 17. a4 e6 18. h3 Bc6 19. Ra1 Qc7 20. Rfe1 Bf8 {[#] ...Bc5 is the strong threat.} 21. Kh2 Bc5 22. Qd2 Kd8 (22... Rg8 $16 23. c4 Bb7) 23. c4 Kc8 24. a5 Kb7 25. axb6 axb6 26. Qc3 Ra8 27. Rxa8 Kxa8 28. Be3 d6 $2 {[#]} (28... Bxe3 {might work better.} 29. Rxe3 f6) 29. Bxc5 {White is clearly winning.} dxc5 30. Qd2 f6 31. Qh6 {Accuracy: White = 87%, Black = 30%.} 1-0

[Event "S. A. Group BAN-chT 2018"]
[Site "Dhaka"]
[Date "2018.12.13"]
[Round "8"]
[White "Ghosh, Diptayan"]
[Black "Khan, Jewel"]
[Result "1-0"]
[WhiteElo "2541"]
[BlackElo "1957"]
[Annotator "TA"]
[PlyCount "107"]
[EventDate "2018.12.07"]
[EventType "team-tourn"]
[EventCountry "BAN"]
[SourceTitle "playchess.com"]
[Source "ChessBase"]
[SourceQuality "1"]

{[%evp 24,107,110,108,154,157,157,151,164,135,136,139,180,194,258,257,245,230,323,306,248,195,262,229,225,173,215,171,528,507,620,474,991,983,955,942,833,542,552,543,539,527,566,559,860,535,548,541,522,541,694,535,527,521,827,833,815,810,873,854,848,835,758,755,29993,775,29992,1060,1650,1592,1644,1550,1879,1560,1713,0,1302,1277,1254,1237,29989,29989,29991,29992,29992,29992]} 1. d4 d5 2. c4 e6 3. Nf3 Nf6 4. g3 Be7 5. Bg2 O-O 6. O-O b6 7. cxd5 exd5 8. Nc3 Bb7 9. Ne5 Nbd7 10. Qa4 Nxe5 11. dxe5 Nd7 12. Nxd5 Nc5 13. Qd1 Rb8 {E18: Queen's Indian: Old Main Line (4 g3 Bb7 5 Bg2 Be7 6 0-0 0-0 7 Nc3)} 14. Be3 Ne6 15. Rc1 $146 ({Predecessor:} 15. f4 Bc5 16. Bf2 Bxf2+ 17. Rxf2 c5 18. e3 Nd4 19. Nc3 Bxg2 20. Rxg2 Nf5 21. Rd2 {1-0 (29) Donchenko,A (2440)-Just,F (2200) Dresden 2002}) 15... c5 {White is clearly better.} 16. Qd3 Re8 17. Rfd1 Bf8 18. Qf5 Nd4 (18... Bxd5 {was worth a try.} 19. Bxd5 (19. Rxd5 Qc7 $18) 19... g6) 19. Bxd4 $40 {[%mdl 128] White is out for blood.} Bxd5 20. Bxc5 $1 Bxc5 (20... Qc8 $142 21. Qxc8 Rbxc8 22. Bxd5 Bxc5) 21. Bxd5 Qe7 22. Kg2 Rbd8 (22... Qxe5 {was called for.} 23. Bxf7+ (23. Qxf7+ Kh8 $16) 23... Kh8 24. Qxe5 Rxe5) 23. Rc3 g6 24. Qf4 a5 25. Rf3 {[#] And now Qh6 would win.} Rd7 $2 (25... Kh8 {is a better chance.} 26. Qd2 (26. Qxf7 Qxe5 27. Be6 Qg7 $18) 26... Rf8) 26. Qc4 Rf8 27. e6 {[%cal Be5e6,Be6f7][%mdl 32]} Rc7 (27... Rd6 $142 28. exf7+ Kg7) 28. exf7+ Kg7 29. Qc3+ Kh6 30. e4 Bd6 31. Qe3+ Kg7 32. Qxb6 h5 33. h4 Rc5 34. Bb3 Be5 35. Rd5 Rxd5 36. Bxd5 Bc7 37. Qb3 Be5 38. Qb5 Qc7 39. b4 axb4 40. Qxb4 Bd6 41. Qd4+ Be5 42. Qd2 Qa7 43. Qg5 Qe7 44. a4 (44. Qxe7 $142 Bb8 45. Rf6 Ba7 46. Qe6 Rh8 47. Rxg6+ Kh7 48. Rg8 Rxg8 49. fxg8=Q#) 44... Bd4 45. Qd2 (45. Qxe7 $142 Bb6 46. Qf6+ {[%mdl 64] Double Attack} Kh7 47. Qxb6 Kh6 48. Qc5 Kg7 49. Qe7 Kh8 50. Qxf8+ Kh7 51. Qg8+ Kh6 52. f8=Q#) 45... Qe5 46. a5 {[%cal Ba4a5,Ba5a6][%mdl 32]} Ba7 47. a6 Bd4 48. Qb4 Ba7 49. Qd2 Bd4 $1 50. Qf4 Qe7 51. Rb3 Qc5 52. Rb8 {White mates.} Qa7 53. Rxf8 Kxf8 54. Qd6+ {[%mdl 64] Double Attack. Accuracy: White = 59%, Black = 31%.} 1-0

[Event "S. A. Group BAN-chT 2018"]
[Site "Dhaka"]
[Date "2018.12.13"]
[Round "8"]
[White "Das, Sayantan"]
[Black "Mohammed, Mainuddin"]
[Result "1-0"]
[WhiteElo "2453"]
[BlackElo "1950"]
[Annotator "TA"]
[PlyCount "67"]
[EventDate "2018.12.07"]
[EventType "team-tourn"]
[EventCountry "BAN"]
[SourceTitle "playchess.com"]
[Source "ChessBase"]
[SourceQuality "1"]

{[%evp 17,67,-4,6,13,19,-41,45,24,46,41,60,47,58,45,53,52,121,122,125,87,130,123,127,127,125,125,125,113,125,117,125,116,142,141,143,119,225,225,226,164,156,150,252,245,288,282,541,537,581,589,579,560]} 1. d4 Nf6 2. c4 e6 3. g3 d5 4. Nf3 Be7 5. Bg2 b6 6. Qa4+ c6 7. O-O O-O 8. Nc3 Bb7 9. Ne5 a6 {LiveBook: 7 Games} 10. Qc2 {E06: Closed Catalan: Early deviations} (10. Rd1 Nfd7 11. Nxd7 Nxd7 12. Qb3 b5 13. c5 e5 14. e3 a5 15. Qc2 e4 16. Bd2 Nf6 17. f3 exf3 18. Bxf3 {0-1 (44) Sriram,J (2422)-Kovalyov,A (2598) San Cristobal 2012}) 10... Nbd7 $146 ({Predecessor:} 10... dxc4 11. Rd1 b5 12. b3 cxb3 13. axb3 Nd5 14. Ne4 Nb4 15. Qd2 f6 16. Nd3 a5 17. Ndc5 Bc8 {0-1 (26) Franzen,T (2271)-Hanzalik,R (2331) ICCF email 2011}) 11. Rd1 (11. Nxd7 $11 Nxd7 12. b3) 11... Qc7 ({Better is} 11... Nxe5 $15 12. dxe5 Ng4) 12. Bf4 $14 {[#] aiming for Nxf7!White is slightly better.} Bd6 {[%cal Rd7e5]} 13. Nxd7 Qxd7 14. Bg5 Be7 15. Na4 $36 {[%mdl 2048] Black is under pressure.} Qd8 16. c5 b5 (16... bxc5 $1 $14 17. Nxc5 Bxc5 18. Qxc5 Re8) 17. Nb6 $16 Ra7 18. a4 Nd7 19. Nxd7 Qxd7 20. Bxe7 Qxe7 21. axb5 cxb5 22. Qc3 Rc8 23. b4 Raa8 24. Qe3 f5 25. Qe5 Kf7 26. g4 g6 (26... fxg4 $16 27. Qh5+ Kg8) 27. gxf5 $18 gxf5 28. Rd3 {[#] Strongly threatening Rh3.} Qc7 {intending ...Qxe5.} 29. Qe3 Rg8 (29... h6 $16 30. Qh3 (30. Qxh6 Rh8 $17) 30... Rg8 31. Qh5+ (31. Qxh6 Rh8 $17) 31... Kf8 32. Qxh6+ Qg7) 30. Qh6 Rg7 31. Rg3 Rag8 $2 (31... Rxg3 {was worth a try.} 32. hxg3 Qe7 33. Qxh7+ Ke8 34. Qh8+ Kd7) 32. Bf3 {White is clearly winning.} Rxg3+ 33. hxg3 Rg7 34. Bh5+ {Accuracy: White = 60%, Black = 20%.} 1-0

[Event "S. A. Group BAN-chT 2018"]
[Site "Dhaka"]
[Date "2018.12.13"]
[Round "8"]
[White "Hossain, Enamul"]
[Black "Sourath Biswas"]
[Result "1-0"]
[WhiteElo "2437"]
[BlackElo "1881"]
[Annotator "TA"]
[PlyCount "59"]
[EventDate "2018.12.07"]
[EventType "team-tourn"]
[EventCountry "BAN"]
[SourceTitle "playchess.com"]
[Source "ChessBase"]
[SourceQuality "1"]

{[%evp 9,59,10,14,8,14,7,13,14,10,0,20,0,50,26,44,19,68,55,101,98,152,93,95,118,172,145,280,287,280,278,276,259,275,252,311,242,231,200,280,179,281,183,177,148,721,706,692,677,29990,29989,29996,29997]} 1. e4 c5 2. Nf3 e6 3. b3 a6 4. Bb2 Nc6 5. c4 Qc7 {LiveBook: 81 Games} (5... Nf6 6. e5 Ng4 7. h3 Nh6 8. g4 d6 9. Bg2 dxe5 10. Nxe5 Nxe5 11. Bxe5 f6 12. Bb2 Nf7 13. d4 cxd4 14. Qxd4 {0-1 (32) Onischuk,V (2637)-Svidler,P (2765) Riadh 2017}) 6. Bd3 {B40: Sicilian: 2...e6, Unusual lines} d6 $146 ({Predecessor:} 6... f6 7. Nc3 Nge7 8. Bc2 Ng6 9. O-O Bd6 10. g3 h5 11. h4 Nge5 12. Ne1 g5 13. Ne2 gxh4 14. gxh4 {0-1 (25) Carvalho,L (2172)-Kruk,S (2098) ICCF email 2012}) 7. O-O Nf6 8. Bxf6 {The position is equal.} gxf6 9. Nc3 {[%cal Bb1c3,Bc3e2,Be2g3][%mdl 32]} Bg7 10. Rc1 O-O 11. Bb1 Bd7 12. Ne2 Ne7 13. Ng3 e5 14. Nh4 Qc8 (14... b5 $142) 15. Qf3 (15. Nhf5 $142 Nxf5 16. Nxf5 Bxf5 17. exf5) 15... Bg4 $16 16. Qe3 h6 (16... Ng6 $16 {was called for.}) 17. f4 {Hoping for f5.} exf4 (17... Ng6 $16) 18. Rxf4 $18 ({Not} 18. Qxf4 Ng6 $14) 18... Ng6 19. Nhf5 Bxf5 20. Nxf5 Qe6 21. Rg4 Kh7 22. Rf1 {[%cal Bc1f1,Bf1f3,Bf3h3][%mdl 32]} Qe5 23. Bd3 b5 24. Qh3 ({But not} 24. cxb5 $6 axb5 25. Rg3 (25. Bxb5 Rxa2 26. Bc4 Qb2 $18) 25... Rfb8 $18) 24... Rh8 (24... b4 $142 25. Rg3 Rg8) 25. Qh5 b4 26. Rf3 Rag8 $2 {[%mdl 8192]} (26... Bf8 $16 27. Rfg3 Rg8) 27. Rh3 {[%cal Rh5h6] [#] White wants to mate with Qxh6+!} Rd8 28. Rhg3 {[%cal Rg4g6] Intending Rxg6 and mate.} Qa1+ 29. Bf1 Qd1 {[#]} 30. Rxg6 $1 {[%mdl 576] Double Attack, Discovered Attack (Double check). Accuracy: White = 44%, Black = 20%.} 1-0

[Event "S. A. Group BAN-chT 2018"]
[Site "Dhaka"]
[Date "2018.12.13"]
[Round "8"]
[White "Aronyak Ghosh"]
[Black "Khan, Nazrana"]
[Result "1-0"]
[WhiteElo "2343"]
[BlackElo "1965"]
[Annotator "TA"]
[PlyCount "35"]
[EventDate "2018.12.07"]
[EventType "team-tourn"]
[EventCountry "BAN"]
[SourceTitle "playchess.com"]
[Source "ChessBase"]
[SourceQuality "1"]

{[%evp 9,35,20,22,3,62,60,43,39,51,44,39,46,49,55,51,50,144,62,190,185,254,278,420,420,486,451,635,617]} 1. d4 d5 {[%cal Bd7d5,Bd5c4][%mdl 32]} 2. Bg5 Bf5 3. c4 dxc4 (3... c6 4. Nc3 Qb6 5. Qd2 e6 6. f3 Bb4 7. a3 Bxc3 8. Qxc3 Nd7 9. e3 Ngf6 10. c5 Qd8 11. Ne2 {1-0 (40) Anisimov,P (2538)-Solovyov,V (2311) St Petersburg 2013}) 4. Nc3 Nf6 5. Bxf6 exf6 6. e3 {D00: 1 d4 d5: Unusual lines} Bd3 $146 ({Black should try} 6... c5 $11) ({Predecessor:} 6... Be7 7. Bxc4 O-O 8. Nge2 a6 9. O-O b5 10. Bd5 b4 11. Bxa8 bxc3 12. bxc3 {1-0 (35) Linart,L (880)-Neumann,F (678) LSS email 2012}) 7. Bxd3 $14 cxd3 8. Qxd3 {White is slightly better.} c6 9. Nf3 Be7 10. O-O O-O 11. Rfd1 Qa5 12. a3 Na6 {[#]} (12... Rd8 $14) 13. b4 (13. d5 $1 $16) 13... Qh5 ({Better is} 13... Qb6 $14) 14. d5 $36 {[%cal Bd4d5,Bd5c6][%mdl 2080] aiming for dxc6. White is on the roll.} Rfd8 (14... Qg6 $142 15. Qe2 f5 16. dxc6 Qxc6) 15. Qe4 Bd6 (15... Re8 {might work better.} 16. Qc4 Nb8) 16. dxc6 b5 17. Rd5 Be5 (17... Qg6 $142 18. Qd4 Bc7 19. Nxb5 Rxd5 20. Qxd5 Qc2) 18. Nxe5 {Accuracy: White = 60%, Black = 27%.} 1-0

[Event "S. A. Group BAN-chT 2018"]
[Site "Dhaka"]
[Date "2018.12.13"]
[Round "8"]
[White "Mehdi Hasan Parag"]
[Black "Ahmed, Shafiq"]
[Result "1-0"]
[WhiteElo "2218"]
[BlackElo "2165"]
[Annotator "TA"]
[PlyCount "50"]
[EventDate "2018.12.07"]
[EventType "team-tourn"]
[EventCountry "BAN"]
[SourceTitle "playchess.com"]
[Source "ChessBase"]
[SourceQuality "1"]

{[%evp 32,50,67,29,107,30,29,18,14,10,39,18,20,11,12,0,19,22,75,29,73]} 1. e4 c5 2. Nf3 Nc6 3. d4 cxd4 4. Nxd4 Nf6 5. Nc3 e5 6. Ndb5 d6 7. Bg5 a6 8. Na3 b5 9. Bxf6 gxf6 10. Nd5 f5 11. Bd3 Be6 12. O-O Bxd5 13. exd5 Ne7 14. Nxb5 Bg7 15. Nc3 e4 16. Bc4 Qa5 17. Ne2 {[#] LiveBook: 3 Games. B33: Sicilian: Pelikan and Sveshnikov Variations} Qc5 $146 {[#]} (17... Bxb2 $11 18. Rb1 Be5) ({Predecessor:} 17... Bxb2 18. Rb1 Be5 19. Qc1 Rc8 20. Bb3 Nxd5 21. Qg5 Ne7 22. f4 Bc3 23. Nxc3 Qxc3 24. Ba4+ Kf8 {½-½ (61) Short,N (2615)-Van der Wiel,J (2590) Brussels 1987}) 18. Bb3 ({Better is} 18. b3 $1 $16) 18... Bxb2 $11 19. Rb1 Be5 20. Qd2 h6 21. c4 Kf8 22. Kh1 a5 {Threatening ...a4.} 23. a4 Kg7 24. f3 e3 (24... Rhf8 $11) 25. Qd3 f4 {Accuracy: White = 31%, Black = 25%.} 1-0